Đang tải...

India in Russian literature /

Chi tiết về thư mục
Tác giả chính: Stacy, Rh
Ngôn ngữ:Undetermined
Được phát hành: Delhi : Motilal Banarsidas , 1985.
LEADER 00448nam a2200133Ia 4500
001 46432
008 170722s9999 xx 000 0 und d
100 |a Stacy, Rh 
245 |a India in Russian literature / 
260 |a Delhi :  |b Motilal Banarsidas ,  |c 1985. 
300 |a VII, 132  |c 21.5cms 
942 |c GEN 
999 |c 105267  |d 105267 
952 |0 0  |1 0  |4 0  |6 O_142GZ2_M5  |7 0  |8 LC1  |9 148279  |a LIB  |b LIB  |d 2017-08-12  |h LC1  |o O142:g(z2) -M5  |p 199545  |r 2017-08-12  |v 135.00  |w 2017-08-12  |y GEN